| 000 | 00814nam a22002897a 4500 | ||
|---|---|---|---|
| 003 | CHAP | ||
| 005 | 20220817042921.0 | ||
| 008 | 971013s1979 r 00010 d | ||
| 010 | _a59807 | ||
| 011 | _a60779 | ||
| 035 | _a64941 | ||
| 040 | _cCHAP | ||
| 082 |
_a635.92 _bH4Y |
||
| 100 | 0 | 0 |
_aHerwig, Rob. _955022 |
| 245 | _aPlantas de interior | ||
| 260 |
_aBarcelona : _bBlume, _c1979 |
||
| 300 |
_a192 p. _b: ilus. |
||
| 590 |
_aBATCH-UPD _b10 _c20130110 _lUCH01 _h0515 |
||
| 590 |
_aBATCH-UPD _b10 _c20130410 _lUCH01 _h0153 |
||
| 590 |
_aBATCH-UPD _b10 _c20130914 _lUCH01 _h1612 |
||
| 590 |
_aCONVERSION _b10 _c20130109 _lUCH01 _h1332 |
||
| 650 | 1 | 4 |
_aJardinerÃa. _961143 |
| 650 | 1 | 4 | _aPlantas ornamentales. |
| 901 | _aBK | ||
| 942 | _cLIBRO | ||
| 949 |
_a635.92 H4Y _bBC _cC _d-143452 _eC _h32517 _i64941 _si _t420.00 |
||
| 999 |
_c59807 _d59807 |
||